| 000 | 00480nam a22001697a 4500 | ||
|---|---|---|---|
| 005 | 20260330171020.0 | ||
| 008 | 260330b |||||||| |||| 00| 0 eng d | ||
| 020 | _a9789356406841 | ||
| 041 | _aeng | ||
| 082 |
_a658.4012 _bMIS B22775 |
||
| 100 |
_aMishra S _9217479 |
||
| 245 |
_aCase Studies on Leading and Strategizing for Organizations Across Contexts _c1st Ed. |
||
| 260 |
_aNew Delhi _bBloomsbury _c2023 |
||
| 300 | _a302p | ||
| 500 | _aStrategic Management | ||
| 942 | _cRF | ||
| 999 |
_c370826 _d370826 |
||